Double Fudge / (Record no. 12719)

000 -LEADER
fixed length control field 00920nam a2200229Ia 4500
020 ## - INTERNATIONAL STANDARD BOOK NUMBER
ISBN 0439587573
020 ## - INTERNATIONAL STANDARD BOOK NUMBER
ISBN 043958549X
040 ## - CATALOGING SOURCE
Transcribing agency IHI
082 ## - DEWEY DECIMAL CLASSIFICATION NUMBER
Classification number 813 SCH 2002 A094 Or.
100 1# - MAIN ENTRY--AUTHOR NAME
Personal name Blume, Judy.
245 10 - TITLE STATEMENT
Title Double Fudge /
260 ## - PUBLICATION, DISTRIBUTION, ETC. (IMPRINT)
Place of publication New York :
Name of publisher Scholastic,
Year of publication [2003], c2002.
300 ## - PHYSICAL DESCRIPTION
Number of Pages 213 p. ;
Dimensions 20 cm.
500 ## - GENERAL NOTE
General note "This edition is only available for distribution through the school market"--P. [4] of cover.
500 ## - GENERAL NOTE
General note Originally published: New York : Dutton Children's Books, c2002.
520 ## - SUMMARY, ETC.
Summary, etc His younger brother Fudge's obsession with money and an unexpected encounter with twin cousins Flora and Fauna and a weird younger cousin also named Farley Drexel Hatcher, just like Fudge, provide many embarrassing moments for twelve-year-old Peter.
650 #0 - SUBJECT ADDED ENTRY--TOPICAL TERM
Topical Term Brothers
650 #0 - SUBJECT ADDED ENTRY--TOPICAL TERM
Topical Term Families
650 #0 - SUBJECT ADDED ENTRY--TOPICAL TERM
Topical Term Money
650 #0 - SUBJECT ADDED ENTRY--TOPICAL TERM
Topical Term Hatcher, Fudge (Fictitious character)
942 ## - ADDED ENTRY ELEMENTS (KOHA)
Koha item type សៀវភៅភាសាអង់គ្លេស
952 ## - LOCATION AND ITEM INFORMATION (KOHA)
Withdrawn status [LOCAL, KOHA] 0
Holdings
Permanent Location Date acquired Koha item type Lost status Shelving location Barcode Current Location Full call number
Library Block A2017-08-16សៀវភៅភាសាអង់គ្លេស A094a17123Library Block A813 SCH 2002 A094 Or.
មជ្ឈមណ្ឌលឯការនៃសាកលវិទ្យាល័យភូមិន្ទកសិកម្មចំការដូង

Powered by Koha